[Event "Travemuende op 19th"]
[Site "Travemuende"]
[Date "2002.12.27"]
[Round "1"]
[White "Blancke, Stefan"]
[Black "Schwertfeger, Wolfgang"]
[Result "1-0"]
[WhiteElo "2279"]
[BlackElo "1733"]
[PlyCount "59"]
[EventDate "2002.12.21"]
[EventType "swiss"]
[EventRounds "7"]
[EventCountry "GER"]
[SourceTitle "EXT 2004"]
[Source "ChessBase"]
[SourceDate "2003.11.25"]
[SourceVersion "1"]
[SourceVersionDate "2003.11.25"]
[SourceQuality "1"]

1. d4 Nf6 2. c4 g6 3. Nc3 Bg7 4. Nf3 0-0 5. g3 d5 6. cxd5 Nxd5 7. Bg2 f5 8. 0-0 c6 9. Qd3 e6 10. Ne5 Nd7 11. Nxd7 Qxd7 12. Rd1 Qf7 13. Bf4 Nxf4 14. gxf4 Bh6 15. e3 Qf6 16. Na4 g5 17. fxg5 Qxg5 18. f4 Qg6 19. Kh1 Kh8 20. Rg1 Qe8 21. Rac1 Rf6 22. Nc5 Bf8 23. Bf3 Rh6 24. Rg2 Bxc5 25. Rxc5 Rh3 26. Qd1 Bd7 27. d5 e5 28. d6 Rxf3 29. Qxf3 exf4 30. Qxf4 1-0